Szczegóły MARC21

Prawo gospodarcze dla ekonomistów /

003 -Nazwa inst., której nr kontr. jest w polu 001 [,]
    • @
    • Nazwa instytucji, której n kontrolny jest w polu 001
    • NUKAT
005 -DATA I CZAS OSTATNIEJ MODYFIKACJI [,]
    • @
    • pole kontrolne
    • 20241231100811.0
020 -Międzynarod. znormalizowany nr książki - ISBN [ , ]
    • a
    • Numer ISBN
    • 8390277530 Find
040 -Instytucja sporządzająca opis [ , ]
    • a
    • Instytucja, która sporządziła opis (NP)
    • TOR U/MS
    • c
    • Instytucja, która sporządziła rekord (NP)
    • TOR U/MS
    • d
    • Instytucja, która zmodyfikowała rekord (P)
    • TOR U/LF
    • d
    • Instytucja, która zmodyfikowała rekord (P)
    • TOR U/ENs
942 -Rodzaj dokumentu [ , ]
    • c
    • Rodzaj dokumentu
    • Książka
100 -Hasło główne - nazwa osobowa [1, ]
    • a
    • Nazwa osobowa (NP)
    • Kufel, Jan
    • d
    • Daty biograficzne (NP)
    • (1944-2004).
    • 9
    • KHW
    • 31393
245 -Strefa tytułu i oznaczenia odpowiedzialności [1,0]
    • a
    • Tytuł
    • Prawo gospodarcze dla ekonomistów / Find
    • c
    • Pozostałe elementy strefy tytułu i oznaczenia odpowiedzialności (NP)
    • Jan Kufel, Wojciech Siuda.
250 -Strefa wydania [ , ]
    • a
    • Oznaczenie wydania (NP)
    • Stan prawny na dzień 1 stycznia 2001 r.
260 -Strefa adresu wydawniczego [ , ]
    • a
    • Miejsce wydania (P)
    • Poznań :
    • b
    • Nazwa wydawcy (P)
    • Scriptus,
    • c
    • Data wydania (P)
    • 2001.
300 -Strefa opisu fizycznego [ , ]
    • a
    • Określenie formy książki i/lub objętość (NP)
    • 315, [1] s. ;
    • c
    • Format (NP)
    • 24 cm.
336 -Typ zawartości [ , ]
    • a
    • Termin opisujący typ zawartości
    • Tekst
    • b
    • Kod określający zawartość
    • txt
    • 2
    • Źródło (terminu i kodu)
    • rdacontent
337 -Typ mediów [ , ]
    • a
    • Tryb odtwarzania
    • Bez urządzenia pośredniczącego
    • b
    • Kod typu mediów
    • n
    • 2
    • Źródło (terminu i kodu)
    • rdamedia
338 -Typ/rodzaj nośnika [ , ]
    • a
    • Hasło opisujące typ nośnika
    • Wolumin
    • b
    • Kod typu nośnika
    • nc
    • 2
    • Źródło (terminu i kodu)
    • rdacarrier
504 -Uwaga dot. bibliogr. załącznikowej [ , ]
    • a
    • Uwaga dot. bibliografii załącznikowej
    • Bibliogr. przy rozdz.
521 -Uwaga dot. przeznaczenia czytelniczego [8, ]
    • a
    • Uwaga dot. przeznaczenia czytelniczego
    • Podręcznik przeznaczony przede wszystkim dla studentów uczelni i wydziałów ekonomicznych.
080 -Uniwersalna Klasyfikacja Dziesiętna [ , ]
    • a
    • Symbol klasyfikacji
    • 346
    • 2
    • Identyfikator wydania tablic
    • UDC-P058
    • b
    • Dopowiedzenie
    • Prawo gospodarcze. Prawo kierowania gospodarką przez państwo.
    • x
    • Poddział wspólny
    • (438)
    • b
    • Dopowiedzenie
    • (Polska).
    • x
    • Poddział wspólny
    • (075.8)
    • b
    • Dopowiedzenie
    • (Podręczniki dla szkół wyższych. Skrypty).
650 -Hasło przedmiotowe [ ,7]
    • a
    • Hasło przedmiotowe
    • Prawo gospodarcze publiczne
    • z
    • Określnik geograficzny
    • Polska
    • v
    • Określnik formalny
    • podręczniki akademickie.
    • 2
    • Źródło terminu
    • kaba
    • 9
    • KHW
    • 350018
980 -Symbol UKD [ , ]
    • a
    • UKD
    • 346(438)(075.8)
700 -Hasło dodatkowe - nazwa osobowa [1, ]
    • a
    • Nazwa osobowa (NP)
    • Siuda, Wojciech. Find
    • 9
    • KHW
    • 426
920 -ISBN [ , ]
    • a
    • ISBN
    • 83-902775-3-0 Find
Status udost. Numer inwentarzowy Data inwentaryzacji Lokalizacja Sygnatura
-2E.680992002-02-01BE 
-3W.2065292002-05-09BGW.206529
-3W.2065302002-05-09BGW.206529
-3W.2065312002-05-09BGW.206529
1SA.116692002-04-11BSASA.11669
-2GW.82015-08-25GW346
-6TM.202002-05-09T 
-6TM.212002-05-09T 
-6TM.222002-05-09T 
-6TM.232002-05-09T 
-6TM.242002-05-09T 
-6TM.252002-05-09TTM.25
-6TM.262002-05-09T 
2TM.272002-05-09T 
-6TM.282002-05-09T 
-6TM.292002-05-09T 
-6TM.2872002-08-13T 
-6TM.2882002-08-13T 
-6TM.2892002-08-13T 
-2TM.15602003-08-29TTM.1560
-6TM.15612003-08-29T 
-6TM.15622003-08-29T 
-6TM.65362009-04-30T